Statistics for Each answer is a state (50 questions)

Click here to take the quiz!

General Stats

  • This quiz has been taken 13 times
  • The average score is 46 of 50

Answer Stats

HintAnswer% Correct
"To Kill a Mockingbird" takes place in the fictional county of Maycomb in this real state...Alabama
100%
This state is home to the most active volcanoes...Alaska
100%
The only Natural Wonder of the World located in the U.S. is located mostly in this state...Arizona
100%
This state is known as the "Copper State," due to its abundance of copper...Arizona
100%
If you are enjoying a ball game at Tropicana Field, you are in this state...Florida
100%
At an average of $730,000, this state has the most expensive average price for house purchases...Hawaii
100%
The only Division 1 university football team that plays home games on a field of blue turf plays in this state...Idaho
100%
More of the Mississippi River runs through this state than through any other...Illinois
100%
95% of the world's bourbon is distilled in this state...Kentucky
100%
Some of the most famous dishes originating in this state include oysters Rockefeller, bananas Foster and muffulettas...Louisiana
100%
A majority of Stephen King's novels are set in this state...Maine
100%
This state shares the longest border with Canada of any state other than Alaska...Michigan
100%
Lake of the Ozarks, which inspired the setting for the popular Netflix series "Ozark," is located in this state...Missouri
100%
This is the only state in the continental U.S. that is home to grizzly bears living in the wild...Montana
100%
The streets in the board game Monopoly are named after actual streets in a small, beachfront town in this state...New Jersey
100%
The NFL team that lost four straight Superbowls in the '90s is from this state...New York
100%
If you are vacationing in the Outer Banks, you are vacationing in this state...North Carolina
100%
This state leads the nation in the production of honey, flaxseed and canola...North Dakota
100%
Both the deepest river gorge and deepest lake in the U.S. reside in this state...Oregon
100%
An attack on a fort in this state is usually cited as the beginning to the Civil War...South Carolina
100%
This state is home to more bison than any other state in the U.S....South Dakota
100%
Four of the ten largest U.S. cities by population (2023 census) are found in this state...Texas
100%
This state's capital city is the only one with three words in its name...Utah
100%
The movie "Remember the Titans" was based on true events that happened in this state...Virginia
100%
This state is most closely connected with the grunge movement that became popular in the '90's...Washington
100%
If you are visiting Hot Springs National Park, you are in this state...Arkansas
91%
This state has the highest population of Hispanics residing in it in the U.S....California
91%
The busiest airport in the world is located in this state...Georgia
91%
This state has the world's largest contiguous tallgrass prairie...Kansas
91%
MOST of the action in the movie "Fargo" takes place in this state...Minnesota
91%
This state has more tornadoes on an annual basis than any other state...Mississippi
91%
This state is the only state where prostitution is still legal in some of its counties..Nevada
91%
This state's motto is "Live Free or Die"...New Hampshire
91%
The largest hot air balloon convention in the world is held every October in this state...New Mexico
91%
Stephen Curry and Lebron James were born in the same hospital in this state...Ohio
91%
Adrian Peterson, Barry Sanders and Thurman Thomas all played running back at universities in this state...Oklahoma
91%
Ice cream flavors like Cherry Garcia, Phish Food and Chunky Monkey were creations of an ice cream chain that got its start in this state...Vermont
91%
In this state, there is a city where cell phones, wifi and other modern technology is banned to avoid any interference with a high-tech government telescope...West Virginia
91%
This state is the least populated...Wyoming
91%
The headquarters for ESPN is found in this state...Connecticut
82%
Louisiana and Alaska are the only two states without any counties. This state has the fewest counties of states that have at least one...Delaware
82%
The town of Santa Claus in this state receives more letters to Santa than the North Pole...Indiana
82%
The biggest buffet in the U.S. is the Shady Maple Smorgasbord in this state...Pennsylvania
82%
The Breakers, the Elms and Marble Palace are mansions found in this state...Rhode Island
82%
This state contains the nation's most visited national park...Tennessee
82%
This state is home to the highest bridge, highest railway and highest paved road in the U.S....Colorado
73%
.Author Edgar Allan Poe died a mysterious death on a street in a major city in this state, the state where he is also buried...Maryland
73%
The oldest major league baseball park still in use is found in this state...Massachusetts
73%
According to a 2021 USA TODAY article, seven of the ten heaviest alcohol-drinking cities are from which state?Wisconsin
73%
The Field of Dreams baseball park is a tourist attraction in this state...Iowa
64%

Score Distribution

Percentile by Number Answered

Percent of People with Each Score

Your Score History

You have not taken this quiz